Ancient Egypt /

محفوظ في:

المؤلف الرئيسي: Casson, Lionel, 1914-2009 (مؤلف)

مؤلف مشترك: Time-Life Books

التنسيق: كتاب

اللغة: English

منشور في: New York : Time Inc., [1965]

سلاسل: Great ages of man.

الموضوعات:

الوسوم: إضافة وسم

لا توجد وسوم, كن أول من يضع وسما على هذه التسجيلة!

رقم الطلب: DT60 .C38 1965

LEADER 01107nam a22003131 4500
001 73
003 OSt
005 20200906100008.0
008 130303s1965 nyuabe g b 000 0 eng d
952 |0 0  |1 0  |2 lcc  |4 0  |6 DT0060 C38 01965  |7 1  |9 5715  |a ARCE  |b ARCE  |d 2020-09-06  |l 0  |o DT60 .C38 1965  |p 1010020  |r 2020-09-06 00:00:00  |w 2020-09-06  |y BK 
999 |c 9772  |d 9772 
010 |a 65028872 //r66 
040 |c ARCE Library 
043 |a f-ua--- 
050 0 4 |a DT60 .C38 1965 
100 1 |a Casson, Lionel,  |d 1914-2009,  |e author 
245 1 0 |a Ancient Egypt /  |c by Lionel Casson, the editors of Time-Life Books. 
264 1 |a New York :  |b Time Inc.,  |c [1965] 
300 |a 192 pages :  |b illustrations (pt. color), maps, plans ;  |c 28 cm. 
336 |a text  |b txt  |2 rdacontent 
337 |a unmediated  |b n  |2 rdamedia 
338 |a volume  |b nc  |2 rdacarrier 
490 0 |a Great ages of man. 
504 |a Bibliography : page 186. 
651 0 |a Egypt  |x Antiquities. 
710 2 |a Time-Life Books,  |9 23862. 
901 |a reviewed 
942 |c BK  |2 lcc 
945 |a DT60 .C38  |g 1  |i mq41335  |l 1arce  |o z  |p $0.00  |q    |r    |s w  |t 0  |u 0  |v 0  |w 0  |x 0  |y .i32726259  |z 02-05-08